MEMS : (Record no. 8001)

MARC details
000 -LEADER
fixed length control field 00922nac a22002411u 4500
008 - FIXED-LENGTH DATA ELEMENTS--GENERAL INFORMATION
fixed length control field 150901b xxu||||| |||| 00| 0 eng d
010 ## - LIBRARY OF CONGRESS CONTROL NUMBER
LC control number 2005050111
020 ## - INTERNATIONAL STANDARD BOOK NUMBER
International Standard Book Number 0849391377 (alk. paper)
082 00 - DEWEY DECIMAL CLASSIFICATION NUMBER
Classification number 621.381
Item number MEM
Edition number 22
245 00 - TITLE STATEMENT
Title MEMS :
Remainder of title introduction and fundamentals /
Statement of responsibility, etc edited by Mohamed Gad-El-Hak.
260 ## - PUBLICATION, DISTRIBUTION, ETC. (IMPRINT)
Place of publication, distribution, etc Boca Raton :
Name of publisher, distributor, etc CRC/Taylor & Francis,
Date of publication, distribution, etc 2006.
300 ## - PHYSICAL DESCRIPTION
Extent 1 v. (various pagings) :
Other physical details ill. ;
Dimensions 26 cm.
490 1# - Series Statement
Series statement Mechanical engineering series
504 ## - BIBLIOGRAPHY, ETC. NOTE
Bibliography, etc Includes bibliographical references and index.
650 #0 - SUBJECT ADDED ENTRY--TOPICAL TERM
Topical term or geographic name as entry element Microelectromechanical systems.
Source of heading or term BUEsh
650 #0 - SUBJECT ADDED ENTRY--TOPICAL TERM
Topical term or geographic name as entry element Microelectronics.
Source of heading or term BUEsh
650 #0 - SUBJECT ADDED ENTRY--TOPICAL TERM
Topical term or geographic name as entry element Nanotechnology.
Source of heading or term BUEsh
651 ## - SUBJECT ADDED ENTRY--GEOGRAPHIC NAME
Source of heading or term BUEsh
700 1# - ADDED ENTRY--PERSONAL NAME
Personal name Gad-el-Hak, Mohamed,
Dates associated with a name 1945-
830 #0 - SERIES ADDED ENTRY--UNIFORM TITLE
Uniform title Mechanical engineering series (Boca Raton, Fla.)
856 42 - ELECTRONIC LOCATION AND ACCESS
Materials specified Publisher description
Uniform Resource Identifier <a href="http://www.loc.gov/catdir/enhancements/fy0653/2005050111-d.html">http://www.loc.gov/catdir/enhancements/fy0653/2005050111-d.html</a>
942 ## - ADDED ENTRY ELEMENTS (KOHA)
Item type Book - Borrowing
Call number prefix 621.381
Source of classification or shelving scheme Dewey Decimal Classification
Holdings
Withdrawn status Item status Damaged status Not for loan Home library Current library Shelving location Date acquired Source of acquisition Cost, normal purchase price Total Checkouts Total Renewals Full call number Barcode Date last seen Date last borrowed Cost, replacement price Koha item type Source of classification or shelving scheme Vendor
        Central Library Central Library First floor 07/02/2006 Purchase 562.40 3 8 621.381 MEM 000002425 15/07/2025 07/11/2013 260.00 Book - Borrowing    
        Central Library Central Library First floor 18/02/2008   562.40 1 5 621.381 MEM 000009416 15/07/2025 04/12/2014 260.00 Book - Borrowing Dewey Decimal Classification